The international pharmacopoeia: Vol.4

में बचाया:
ग्रंथसूची विवरण
मुख्य लेखक: WHO
स्वरूप: पुस्तक
भाषा:Undetermined
प्रकाशित: Geneva WHO
टैग : टैग जोड़ें
कोई टैग नहीं, इस रिकॉर्ड को टैग करने वाले पहले व्यक्ति बनें!
Thư viện lưu trữ: Trung tâm Học liệu Trường Đại học Cần Thơ
LEADER 00418nam a2200157Ia 4500
001 CTU_7061
008 210402s9999 xx 000 0 und d
082 |a 615 
082 |b W927i/V.4 
100 |a WHO 
245 4 |a The international pharmacopoeia: Vol.4 
245 0 |c WHO 
260 |a Geneva 
260 |b WHO 
904 |i Nguyễn Quang Điền, 960830 
980 |a Trung tâm Học liệu Trường Đại học Cần Thơ